|
|
|
|
| LEADER |
00000caa a22000002c 4500 |
| 001 |
1912618931 |
| 003 |
DE-627 |
| 005 |
20250113055007.0 |
| 007 |
cr uuu---uuuuu |
| 008 |
241217s2019 xx |||||o 00| ||eng c |
| 024 |
7 |
|
|a 10.1086/701130
|2 doi
|
| 035 |
|
|
|a (DE-627)1912618931
|
| 035 |
|
|
|a (DE-599)KXP1912618931
|
| 040 |
|
|
|a DE-627
|b ger
|c DE-627
|e rda
|
| 041 |
|
|
|a eng
|
| 084 |
|
|
|a 2,1
|2 ssgn
|
| 100 |
1 |
|
|a Rice, Douglas
|d 1983-
|e VerfasserIn
|0 (DE-588)1212458486
|0 (DE-627)1701942879
|4 aut
|
| 109 |
|
|
|a Rice, Douglas 1983-
|
| 245 |
1 |
0 |
|a Measuring the issue content of Supreme Court opinions
|
| 264 |
|
1 |
|c 2019
|
| 336 |
|
|
|a Text
|b txt
|2 rdacontent
|
| 337 |
|
|
|a Computermedien
|b c
|2 rdamedia
|
| 338 |
|
|
|a Online-Ressource
|b cr
|2 rdacarrier
|
| 773 |
0 |
8 |
|i Enthalten in
|t Journal of law and courts
|d Cambridge : Cambridge University Press, 2013
|g 7(2019), 1, Seite 107-127
|h Online-Ressource
|w (DE-627)73990261X
|w (DE-600)2709354-2
|w (DE-576)380475561
|x 2164-6589
|7 nnas
|
| 773 |
1 |
8 |
|g volume:7
|g year:2019
|g number:1
|g pages:107-127
|
| 787 |
0 |
8 |
|i Forschungsdaten
|a Spaeth, Harold J.
|t United States Supreme Court Judicial Database, 1953-1997 Terms
|d [Erscheinungsort nicht ermittelbar] : [Verlag nicht ermittelbar], 1990
|w (DE-627)1840065907
|
| 787 |
0 |
8 |
|i Forschungsdaten
|a Spaeth, Harold J.
|t Expanded United States Supreme Court Judicial Database, 1946-1968 Terms
|d [Erscheinungsort nicht ermittelbar] : [Verlag nicht ermittelbar], 1996
|w (DE-627)1840064803
|
| 787 |
0 |
8 |
|i Forschungsdaten
|a Gibson, James L.
|t United States Supreme Court Judicial Database, Phase II: 1953-1993
|d [Erscheinungsort nicht ermittelbar] : [Verlag nicht ermittelbar], 1997
|w (DE-627)1840060921
|
| 856 |
4 |
0 |
|u https://doi.org/10.1086/701130
|x Resolving-System
|z lizenzpflichtig
|3 Volltext
|7 1
|
| 935 |
|
|
|a mkri
|
| 951 |
|
|
|a AR
|
| ELC |
|
|
|a 1
|
| LOK |
|
|
|0 000 xxxxxcx a22 zn 4500
|
| LOK |
|
|
|0 001 4637584450
|
| LOK |
|
|
|0 003 DE-627
|
| LOK |
|
|
|0 004 1912618931
|
| LOK |
|
|
|0 005 20241217044707
|
| LOK |
|
|
|0 008 241217||||||||||||||||ger|||||||
|
| LOK |
|
|
|0 035
|a (DE-2619)ICPSR145478
|
| LOK |
|
|
|0 040
|a DE-2619
|c DE-627
|d DE-2619
|
| LOK |
|
|
|0 092
|o n
|
| LOK |
|
|
|0 852
|a DE-2619
|
| LOK |
|
|
|0 852 1
|9 00
|
| LOK |
|
|
|0 935
|a nacp
|
| LOK |
|
|
|0 939
|a 17-12-24
|b l01
|
| ORI |
|
|
|a SA-MARC-krimdoka001.raw
|